<?xml version="1.0" encoding="UTF-8"?>
<record
    xmlns:xsi="http://www.w3.org/2001/XMLSchema-instance"
    xsi:schemaLocation="http://www.loc.gov/MARC21/slim http://www.loc.gov/standards/marcxml/schema/MARC21slim.xsd"
    xmlns="http://www.loc.gov/MARC21/slim">

  <leader>02886nam0a2200481 i 4500</leader>
  <controlfield tag="001">RU\NLR\BIBL_A\011960403</controlfield>
  <controlfield tag="005">20260408071352.0</controlfield>
  <datafield tag="010" ind1=" " ind2=" ">
    <subfield code="a">9785824322576</subfield>
    <subfield code="9">1000</subfield>
  </datafield>
  <datafield tag="035" ind1=" " ind2=" ">
    <subfield code="a">(NILC)LIBNET\0000935473</subfield>
  </datafield>
  <datafield tag="035" ind1=" " ind2=" ">
    <subfield code="a">(NLR Aleph) 011960403</subfield>
  </datafield>
  <datafield tag="090" ind1=" " ind2=" ">
    <subfield code="a">11200736</subfield>
    <subfield code="c">11200736</subfield>
  </datafield>
  <datafield tag="100" ind1=" " ind2=" ">
    <subfield code="a">20190314d2018    k  y0rusy50      ca</subfield>
  </datafield>
  <datafield tag="101" ind1="0" ind2=" ">
    <subfield code="a">rus</subfield>
  </datafield>
  <datafield tag="102" ind1=" " ind2=" ">
    <subfield code="a">RU</subfield>
  </datafield>
  <datafield tag="105" ind1=" " ind2=" ">
    <subfield code="a">ach z   000zy</subfield>
  </datafield>
  <datafield tag="200" ind1="1" ind2=" ">
    <subfield code="a">&#x424;&#x440;&#x438;&#x446;&#x43B;&#x44F;&#x43D;&#x434;&#x438;&#x44F; &#x43D;&#x430; &#x423;&#x440;&#x430;&#x43B;&#x435;</subfield>
    <subfield code="e">&#x440;&#x43E;&#x441;&#x441;&#x438;&#x439;&#x441;&#x43A;&#x438;&#x435; &#x43D;&#x435;&#x43C;&#x446;&#x44B; &#x432; &#x43B;&#x430;&#x433;&#x435;&#x440;&#x435; &#x43F;&#x440;&#x438;&#x43D;&#x443;&#x434;&#x438;&#x442;&#x435;&#x43B;&#x44C;&#x43D;&#x43E;&#x433;&#x43E; &#x442;&#x440;&#x443;&#x434;&#x430; &#x411;&#x430;&#x43A;&#x430;&#x43B;&#x43B;&#x430;&#x433;-&#x427;&#x435;&#x43B;&#x44F;&#x431;&#x43C;&#x435;&#x442;&#x430;&#x43B;&#x43B;&#x443;&#x440;&#x433;&#x441;&#x442;&#x440;&#x43E;&#x439;, 1942-1946</subfield>
    <subfield code="f">[&#x412;. &#x41C;. &#x41A;&#x438;&#x440;&#x438;&#x43B;&#x43B;&#x43E;&#x432;, &#x421;.&#x41B;. &#x420;&#x430;&#x437;&#x438;&#x43D;&#x43A;&#x43E;&#x432;, &#x41B;.&#x418;. &#x411;&#x43E;&#x440;&#x43E;&#x434;&#x43A;&#x438;&#x43D; &#x438; &#x434;&#x440;.</subfield>
    <subfield code="g">&#x43D;&#x430;&#x443;&#x447;. &#x440;&#x435;&#x434;.: &#x412;. &#x41C;. &#x41A;&#x438;&#x440;&#x438;&#x43B;&#x43B;&#x43E;&#x432;</subfield>
    <subfield code="g">&#x421;&#x43E;&#x432;&#x435;&#x442; &#x43F;&#x440;&#x438; &#x41F;&#x440;&#x435;&#x437;&#x438;&#x434;&#x435;&#x43D;&#x442;&#x435; &#x420;&#x43E;&#x441;&#x441;&#x438;&#x439;&#x441;&#x43A;&#x43E;&#x439; &#x424;&#x435;&#x434;&#x435;&#x440;&#x430;&#x446;&#x438;&#x438; &#x43F;&#x43E; &#x440;&#x430;&#x437;&#x432;&#x438;&#x442;&#x438;&#x44E; &#x433;&#x440;&#x430;&#x436;&#x434;&#x430;&#x43D;&#x441;&#x43A;&#x43E;&#x433;&#x43E; &#x43E;&#x431;&#x449;&#x435;&#x441;&#x442;&#x432;&#x430; &#x438; &#x43F;&#x440;&#x430;&#x432;&#x430;&#x43C; &#x447;&#x435;&#x43B;&#x43E;&#x432;&#x435;&#x43A;&#x430; &#x438; &#x434;&#x440;.]</subfield>
  </datafield>
  <datafield tag="210" ind1=" " ind2=" ">
    <subfield code="a">&#x41C;&#x43E;&#x441;&#x43A;&#x432;&#x430;</subfield>
    <subfield code="c">&#x420;&#x41E;&#x421;&#x421;&#x41F;&#x42D;&#x41D;</subfield>
    <subfield code="d">2018</subfield>
  </datafield>
  <datafield tag="215" ind1=" " ind2=" ">
    <subfield code="a">806, [1] &#x441;.</subfield>
    <subfield code="c">&#x438;&#x43B;., &#x43F;&#x43E;&#x440;&#x442;&#x440;., &#x444;&#x430;&#x43A;&#x441;.</subfield>
    <subfield code="d">24</subfield>
  </datafield>
  <datafield tag="225" ind1="1" ind2=" ">
    <subfield code="a">&#x418;&#x441;&#x442;&#x43E;&#x440;&#x438;&#x44F; &#x441;&#x442;&#x430;&#x43B;&#x438;&#x43D;&#x438;&#x437;&#x43C;&#x430;</subfield>
    <subfield code="f">&#x440;&#x435;&#x434;. &#x441;&#x43E;&#x432;&#x435;&#x442;: &#x419;. &#x411;&#x430;&#x431;&#x435;&#x440;&#x43E;&#x432;&#x441;&#x43A;&#x438; [&#x438; &#x434;&#x440;.]</subfield>
  </datafield>
  <datafield tag="300" ind1=" " ind2=" ">
    <subfield code="a">&#x410;&#x432;&#x442;. &#x443;&#x43A;&#x430;&#x437;&#x430;&#x43D;&#x44B; &#x43D;&#x430; &#x43E;&#x431;&#x43E;&#x440;&#x43E;&#x442;&#x435; &#x442;&#x438;&#x442;. &#x43B;.</subfield>
  </datafield>
  <datafield tag="320" ind1=" " ind2=" ">
    <subfield code="a">&#x411;&#x438;&#x431;&#x43B;&#x438;&#x43E;&#x433;&#x440;. &#x432; &#x43F;&#x43E;&#x434;&#x441;&#x442;&#x440;&#x43E;&#x447;. &#x43F;&#x440;&#x438;&#x43C;&#x435;&#x447;.</subfield>
  </datafield>
  <datafield tag="320" ind1=" " ind2=" ">
    <subfield code="a">&#x418;&#x43C;&#x435;&#x43D;&#x43D;&#x43E;&#x439; &#x443;&#x43A;&#x430;&#x437;&#x430;&#x442;&#x435;&#x43B;&#x44C;: &#x441;. 783-789</subfield>
  </datafield>
  <datafield tag="320" ind1=" " ind2=" ">
    <subfield code="a">&#x41F;&#x440;&#x435;&#x434;&#x43C;&#x435;&#x442;&#x43D;&#x44B;&#x439; &#x443;&#x43A;&#x430;&#x437;&#x430;&#x442;&#x435;&#x43B;&#x44C;: &#x441;. 790-798</subfield>
  </datafield>
  <datafield tag="517" ind1="1" ind2=" ">
    <subfield code="a">&#x420;&#x43E;&#x441;&#x441;&#x438;&#x439;&#x441;&#x43A;&#x438;&#x435; &#x43D;&#x435;&#x43C;&#x446;&#x44B; &#x432; &#x43B;&#x430;&#x433;&#x435;&#x440;&#x435; &#x43F;&#x440;&#x438;&#x43D;&#x443;&#x434;&#x438;&#x442;&#x435;&#x43B;&#x44C;&#x43D;&#x43E;&#x433;&#x43E; &#x442;&#x440;&#x443;&#x434;&#x430; &#x411;&#x430;&#x43A;&#x430;&#x43B;&#x43B;&#x430;&#x433;-&#x427;&#x435;&#x43B;&#x44F;&#x431;&#x43C;&#x435;&#x442;&#x430;&#x43B;&#x43B;&#x443;&#x440;&#x433;&#x441;&#x442;&#x440;&#x43E;&#x439;, 1942-1946</subfield>
  </datafield>
  <datafield tag="601" ind1="0" ind2="2">
    <subfield code="a">&#x427;&#x435;&#x43B;&#x44F;&#x431;&#x438;&#x43D;&#x441;&#x43A;&#x438;&#x439; &#x438;&#x441;&#x43F;&#x440;&#x430;&#x432;&#x438;&#x442;&#x435;&#x43B;&#x44C;&#x43D;&#x43E;-&#x442;&#x440;&#x443;&#x434;&#x43E;&#x432;&#x43E;&#x439; &#x43B;&#x430;&#x433;&#x435;&#x440;&#x44C;</subfield>
    <subfield code="9">2416658</subfield>
    <subfield code="3">RU\NLR\AUTH\6601658338</subfield>
  </datafield>
  <datafield tag="601" ind1="0" ind2="2">
    <subfield code="a">&#x411;&#x430;&#x43A;&#x430;&#x43B;&#x44C;&#x441;&#x43A;&#x438;&#x439; &#x438;&#x441;&#x43F;&#x440;&#x430;&#x432;&#x438;&#x442;&#x435;&#x43B;&#x44C;&#x43D;&#x43E;-&#x442;&#x440;&#x443;&#x434;&#x43E;&#x432;&#x43E;&#x439; &#x43B;&#x430;&#x433;&#x435;&#x440;&#x44C;</subfield>
    <subfield code="c">&#x427;&#x435;&#x43B;&#x44F;&#x431;&#x438;&#x43D;&#x441;&#x43A;</subfield>
    <subfield code="9">2416659</subfield>
    <subfield code="3">RU\NLR\AUTH\6601658339</subfield>
  </datafield>
  <datafield tag="606" ind1="1" ind2=" ">
    <subfield code="a">&#x41D;&#x435;&#x43C;&#x446;&#x44B;</subfield>
    <subfield code="x">&#x420;&#x435;&#x43F;&#x440;&#x435;&#x441;&#x441;&#x438;&#x438;</subfield>
    <subfield code="y">&#x421;&#x421;&#x421;&#x420;</subfield>
    <subfield code="9">2383288</subfield>
    <subfield code="3">RU\NLR\AUTH\661421787</subfield>
  </datafield>
  <datafield tag="606" ind1="1" ind2=" ">
    <subfield code="a">&#x422;&#x440;&#x443;&#x434;&#x43E;&#x432;&#x44B;&#x435; &#x430;&#x440;&#x43C;&#x438;&#x438;</subfield>
    <subfield code="y">&#x423;&#x440;&#x430;&#x43B;</subfield>
    <subfield code="z">1941 - 1945</subfield>
    <subfield code="9">2473327</subfield>
    <subfield code="3">RU\NLR\AUTH\661468762</subfield>
  </datafield>
  <datafield tag="686" ind1=" " ind2=" ">
    <subfield code="a">63.3(2)622-361</subfield>
    <subfield code="v">LBC/M</subfield>
    <subfield code="2">rubbk</subfield>
  </datafield>
  <datafield tag="686" ind1="1" ind2=" ">
    <subfield code="a">&#x422;3(2)722.9-207</subfield>
  </datafield>
  <datafield tag="686" ind1="1" ind2=" ">
    <subfield code="a">&#x422;3(2)7-3</subfield>
  </datafield>
  <datafield tag="686" ind1="1" ind2=" ">
    <subfield code="a">&#x422;3(29=&#x41D;)7,02</subfield>
  </datafield>
  <datafield tag="686" ind1="1" ind2=" ">
    <subfield code="a">&#x425;628.402.111</subfield>
  </datafield>
  <datafield tag="701" ind1=" " ind2="1">
    <subfield code="8">rus</subfield>
    <subfield code="7">ca</subfield>
    <subfield code="a">&#x41A;&#x438;&#x440;&#x438;&#x43B;&#x43B;&#x43E;&#x432;</subfield>
    <subfield code="b">&#x412;. &#x41C;.</subfield>
    <subfield code="c">&#x434;-&#x440; &#x438;&#x441;&#x442;. &#x43D;&#x430;&#x443;&#x43A;, &#x438;&#x441;&#x442;&#x43E;&#x440;&#x438;&#x44F; &#x423;&#x440;&#x430;&#x43B;&#x430;</subfield>
    <subfield code="g">&#x412;&#x438;&#x43A;&#x442;&#x43E;&#x440; &#x41C;&#x438;&#x445;&#x430;&#x439;&#x43B;&#x43E;&#x432;&#x438;&#x447;</subfield>
    <subfield code="3">RU\NLR\AUTH\7787884</subfield>
    <subfield code="9">70812</subfield>
  </datafield>
  <datafield tag="701" ind1=" " ind2="1">
    <subfield code="a">&#x420;&#x430;&#x437;&#x438;&#x43D;&#x43A;&#x43E;&#x432;</subfield>
    <subfield code="b">&#x421;. &#x41B;.</subfield>
    <subfield code="f">1976-</subfield>
    <subfield code="g">&#x421;&#x435;&#x440;&#x433;&#x435;&#x439; &#x41B;&#x44C;&#x432;&#x43E;&#x432;&#x438;&#x447;</subfield>
  </datafield>
  <datafield tag="701" ind1=" " ind2="1">
    <subfield code="8">rus</subfield>
    <subfield code="7">ca</subfield>
    <subfield code="a">&#x411;&#x43E;&#x440;&#x43E;&#x434;&#x43A;&#x438;&#x43D;</subfield>
    <subfield code="b">&#x41B;. &#x418;.</subfield>
    <subfield code="f">1946-</subfield>
    <subfield code="g">&#x41B;&#x435;&#x43E;&#x43D;&#x438;&#x434; &#x418;&#x43E;&#x441;&#x438;&#x444;&#x43E;&#x432;&#x438;&#x447;</subfield>
    <subfield code="3">RU\NLR\AUTH\77461</subfield>
    <subfield code="9">110512</subfield>
  </datafield>
  <datafield tag="711" ind1="0" ind2="2">
    <subfield code="a">&#x427;&#x435;&#x43B;&#x44F;&#x431;&#x438;&#x43D;&#x441;&#x43A;&#x438;&#x439; &#x438;&#x441;&#x43F;&#x440;&#x430;&#x432;&#x438;&#x442;&#x435;&#x43B;&#x44C;&#x43D;&#x43E;-&#x442;&#x440;&#x443;&#x434;&#x43E;&#x432;&#x43E;&#x439; &#x43B;&#x430;&#x433;&#x435;&#x440;&#x44C;</subfield>
    <subfield code="3">RU\NLR\AUTH\8810213438</subfield>
    <subfield code="9">313733</subfield>
  </datafield>
  <datafield tag="801" ind1=" " ind2="0">
    <subfield code="a">RU</subfield>
    <subfield code="b">&#x422;&#x44E;&#x43C;&#x435;&#x43D;&#x441;&#x43A;&#x430;&#x44F; &#x41E;&#x41D;&#x411;</subfield>
    <subfield code="c">20181030</subfield>
    <subfield code="g">rcr</subfield>
  </datafield>
  <datafield tag="942" ind1=" " ind2=" ">
    <subfield code="c">BOOK</subfield>
  </datafield>
  <datafield tag="980" ind1=" " ind2=" ">
    <subfield code="a">NBR</subfield>
  </datafield>
</record>
